| 000 | 00768nas a2200241 4500 | ||
|---|---|---|---|
| 001 | BR8300298 | ||
| 003 | BR-BrBNA | ||
| 005 | 20231205085408.0 | ||
| 007 | ta | ||
| 008 | 230509b bl.|||p| |||| 00| 00por d | ||
| 040 |
_aBR-BrBNA _bpor _cBiblioteca Nacional de Agricultura |
||
| 041 | _a(Pt) | ||
| 072 | _aH10; L20 | ||
| 100 | 1 | _aReis, N.R. dos (Fundacao Universidade Estadual de Londrina, PR (Brazil). Depto. de Biologia Geral) | |
| 245 | 1 | _aSobre a conservacao dos morcegos | |
| 246 | 1 | _a[On the conservation of bats] | |
| 650 | _aCONSERVACAO | ||
| 650 | _aMORCEGO | ||
| 650 | _aECOLOGIA ANIMAL | ||
| 773 | 0 |
_tSemina (Brazil) _xISSN 0101-3742 _g(Jan 1982), v. 3(10) p. 107-109 _wBR8300298 |
|
| 909 |
_a202311 _bLúcia _c55 _dLúcia Elande |
||
| 942 |
_2AGRIS _n0 _cANA |
||
| 999 |
_c111182 _d111182 |
||